000 00644nam a22002177a 4500
003 UA-OsUOA
001 46691
007 ta
008 20070704b un ||||| |||| 00| 0 ukr d
090 _a82.09
_bП91
942 _cBK
040 _aUA-OsUOA
_brus
_cUA-OsUOA
_dUA-OsUOA
245 _aПушкин-критик
_cСоставитель и примечание Н.В. Богословского
300 _a760 с.
955 _a4
041 _arus
080 _a82.09
260 _aМ.
_bГос. изд-во худ. лите-ры
_c1950
650 7 _a82 Література. Літературознавство
_2UDC
999 _c332783
_d332783